000 00536nam a2200217Ia 4500
005 20250425162825.0
008 250425s9999 xx 000 0 und d
020 _a9788416228669
041 _aspa
044 _asp
082 _a621.313
_pFRA
100 _aFRAILE MORA, JESÚS
245 0 _aMÁQUINAS ELÉCTRICAS
250 _a8A ED.
264 _aEspaña, MADRID
_bIBERGARCETA PUBLICACIONES, S.L.
_c2015.
300 _a910
650 _aMAQUINAS ELECTRICAS
650 _aTRANSFORMADORES
942 _c01
010 _a110494
999 _c237190
_d237190